000 00658nam a2200217 i 4500
001 146489
003 ES-MaACL
005 20230906201543.0
007 t|
008 070911s1968 sp ||||1| spa d
080 _a930.9(02)
080 _a711.432(091)
100 1 _aToynbee, Arnold Joseph.
_9111194
245 1 0 _aCiudades de destino /
_cArnold Joseph Toynbee ; dirigida por Maurice Bowra[et al.].
260 _a[Madrid] :
_bAguilar,
_c[1968]
300 _a376 p. :
_bil. ;
_c36 cm.
650 4 _aUrbanismo-
_xHistoria.
_917706
650 4 _aCiudades-
_vHistoria.
_911076
700 1 _aBowra, Maurice.
_931156
852 _aES-MaACL
_jC-35671
_bR.68423
999 _c146489
_d146489